Prontuario de historia universal

Gespeichert in:
Bibliographische Detailangaben
1. Verfasser: Sánchez y Casado, Félix
Format: Buch
Sprache:Spanisch
Erschienen: Madrid : Libreria de Perlado, Páez y Compañía, 1904
Ausgabe:19ª ed.
Katalog:MANES:  Suchergebnis im Bibliothekskatalog
Schulbuchspezifische Eigenschaften:
Tags: Tag hinzufügen
Keine Tags, Fügen Sie den ersten Tag hinzu!
Hinzugefügt zu:09.02.2019
Geändert in:07.05.2025

MARC

LEADER 00000cam a2200000zi 4500
005 20250507134600.0
008 190210S1904 esp h 0000 00spa0d
040 |a uned  |b spa  |c entro-manes 
100 1 |a Sánchez y Casado, Félix  |9 20022 
245 1 0 |a Prontuario de historia universal  |c por Félix Sánchez y Casado 
250 |a 19ª ed. 
260 |a Madrid :  |b Libreria de Perlado, Páez y Compañía,   |c 1904 
300 |a 124 p. 
500 |a En port.: Obra de texto en seminarios, colegios de ambos sexos y Academias Regionales Militares 
546 |a España 
561 |5 es-BUNED  |3 L.T. 1954  |a España. Fondo Manes UNED  |k MANES 
690 0 |a HI 
942 |2 ddc  |c BK 
999 |c 97821  |d 97821 
999 |c manes:97821  |d 97821